<?xml version="1.0" encoding="UTF-8"?>
<record
    xmlns:xsi="http://www.w3.org/2001/XMLSchema-instance"
    xsi:schemaLocation="http://www.loc.gov/MARC21/slim http://www.loc.gov/standards/marcxml/schema/MARC21slim.xsd"
    xmlns="http://www.loc.gov/MARC21/slim">

  <leader>     nam a22     7a 4500</leader>
  <datafield tag="999" ind1=" " ind2=" ">
    <subfield code="c">56216</subfield>
    <subfield code="d">56216</subfield>
  </datafield>
  <controlfield tag="003">OSt</controlfield>
  <controlfield tag="005">20221229160735.0</controlfield>
  <controlfield tag="008">221229b        xxu||||| |||| 00| 0 eng d</controlfield>
  <datafield tag="040" ind1=" " ind2=" ">
    <subfield code="c">IIMT COLLEGE OF POLYTECHNIC</subfield>
  </datafield>
  <datafield tag="100" ind1=" " ind2=" ">
    <subfield code="a">SAHDEV, S.K.</subfield>
  </datafield>
  <datafield tag="245" ind1=" " ind2=" ">
    <subfield code="a">FUNDAMENTALS OF ELECTRICAL ENGINEERING &amp; ELECTRONICS</subfield>
  </datafield>
  <datafield tag="260" ind1=" " ind2=" ">
    <subfield code="a">DELHI</subfield>
    <subfield code="b">DHANPAT RAI &amp; CO.</subfield>
    <subfield code="c">2021</subfield>
  </datafield>
  <datafield tag="300" ind1=" " ind2=" ">
    <subfield code="a">200</subfield>
  </datafield>
  <datafield tag="942" ind1=" " ind2=" ">
    <subfield code="2">ddc</subfield>
    <subfield code="c">02</subfield>
  </datafield>
  <datafield tag="952" ind1=" " ind2=" ">
    <subfield code="0">0</subfield>
    <subfield code="1">0</subfield>
    <subfield code="2">ddc</subfield>
    <subfield code="4">0</subfield>
    <subfield code="7">0</subfield>
    <subfield code="a">10</subfield>
    <subfield code="b">10</subfield>
    <subfield code="d">2022-12-29</subfield>
    <subfield code="i">HO/IN/140</subfield>
    <subfield code="l">1</subfield>
    <subfield code="p">10-B-20851</subfield>
    <subfield code="r">2025-04-17</subfield>
    <subfield code="s">2025-02-06</subfield>
    <subfield code="w">2022-12-29</subfield>
    <subfield code="y">02</subfield>
  </datafield>
  <datafield tag="952" ind1=" " ind2=" ">
    <subfield code="0">0</subfield>
    <subfield code="1">0</subfield>
    <subfield code="2">ddc</subfield>
    <subfield code="4">0</subfield>
    <subfield code="7">0</subfield>
    <subfield code="a">10</subfield>
    <subfield code="b">10</subfield>
    <subfield code="d">2022-12-29</subfield>
    <subfield code="i">HO/IN/140</subfield>
    <subfield code="l">2</subfield>
    <subfield code="p">10-B-20852</subfield>
    <subfield code="r">2025-04-24</subfield>
    <subfield code="s">2025-02-06</subfield>
    <subfield code="w">2022-12-29</subfield>
    <subfield code="y">02</subfield>
  </datafield>
  <datafield tag="952" ind1=" " ind2=" ">
    <subfield code="0">0</subfield>
    <subfield code="1">0</subfield>
    <subfield code="2">ddc</subfield>
    <subfield code="4">0</subfield>
    <subfield code="7">0</subfield>
    <subfield code="a">10</subfield>
    <subfield code="b">10</subfield>
    <subfield code="d">2022-12-29</subfield>
    <subfield code="i">HO/IN/140</subfield>
    <subfield code="l">1</subfield>
    <subfield code="p">10-B-20853</subfield>
    <subfield code="r">2025-08-21</subfield>
    <subfield code="s">2025-02-07</subfield>
    <subfield code="w">2022-12-29</subfield>
    <subfield code="y">02</subfield>
  </datafield>
  <datafield tag="952" ind1=" " ind2=" ">
    <subfield code="0">0</subfield>
    <subfield code="1">0</subfield>
    <subfield code="2">ddc</subfield>
    <subfield code="4">0</subfield>
    <subfield code="7">0</subfield>
    <subfield code="a">10</subfield>
    <subfield code="b">10</subfield>
    <subfield code="d">2022-12-29</subfield>
    <subfield code="i">HO/IN/140</subfield>
    <subfield code="l">0</subfield>
    <subfield code="p">10-B-20854</subfield>
    <subfield code="r">2022-12-29</subfield>
    <subfield code="w">2022-12-29</subfield>
    <subfield code="y">02</subfield>
  </datafield>
  <datafield tag="952" ind1=" " ind2=" ">
    <subfield code="0">0</subfield>
    <subfield code="1">0</subfield>
    <subfield code="2">ddc</subfield>
    <subfield code="4">0</subfield>
    <subfield code="7">0</subfield>
    <subfield code="a">10</subfield>
    <subfield code="b">10</subfield>
    <subfield code="d">2022-12-29</subfield>
    <subfield code="i">HO/IN/140</subfield>
    <subfield code="l">1</subfield>
    <subfield code="p">10-B-20855</subfield>
    <subfield code="r">2025-04-28</subfield>
    <subfield code="s">2025-02-07</subfield>
    <subfield code="w">2022-12-29</subfield>
    <subfield code="y">02</subfield>
  </datafield>
  <datafield tag="952" ind1=" " ind2=" ">
    <subfield code="0">0</subfield>
    <subfield code="1">0</subfield>
    <subfield code="2">ddc</subfield>
    <subfield code="4">0</subfield>
    <subfield code="7">0</subfield>
    <subfield code="a">10</subfield>
    <subfield code="b">10</subfield>
    <subfield code="d">2022-12-29</subfield>
    <subfield code="i">HO/IN/140</subfield>
    <subfield code="l">1</subfield>
    <subfield code="p">10-B-20856</subfield>
    <subfield code="q">2025-08-15</subfield>
    <subfield code="r">2025-02-07</subfield>
    <subfield code="s">2025-02-07</subfield>
    <subfield code="w">2022-12-29</subfield>
    <subfield code="y">02</subfield>
  </datafield>
  <datafield tag="952" ind1=" " ind2=" ">
    <subfield code="0">0</subfield>
    <subfield code="1">0</subfield>
    <subfield code="2">ddc</subfield>
    <subfield code="4">0</subfield>
    <subfield code="7">0</subfield>
    <subfield code="a">10</subfield>
    <subfield code="b">10</subfield>
    <subfield code="d">2022-12-29</subfield>
    <subfield code="i">HO/IN/140</subfield>
    <subfield code="l">1</subfield>
    <subfield code="p">10-B-20857</subfield>
    <subfield code="r">2025-09-03</subfield>
    <subfield code="s">2025-02-06</subfield>
    <subfield code="w">2022-12-29</subfield>
    <subfield code="y">02</subfield>
  </datafield>
  <datafield tag="952" ind1=" " ind2=" ">
    <subfield code="0">0</subfield>
    <subfield code="1">0</subfield>
    <subfield code="2">ddc</subfield>
    <subfield code="4">0</subfield>
    <subfield code="7">0</subfield>
    <subfield code="a">10</subfield>
    <subfield code="b">10</subfield>
    <subfield code="d">2022-12-29</subfield>
    <subfield code="i">HO/IN/140</subfield>
    <subfield code="l">1</subfield>
    <subfield code="p">10-B-20858</subfield>
    <subfield code="q">2025-08-15</subfield>
    <subfield code="r">2025-02-10</subfield>
    <subfield code="s">2025-02-10</subfield>
    <subfield code="w">2022-12-29</subfield>
    <subfield code="y">02</subfield>
  </datafield>
  <datafield tag="952" ind1=" " ind2=" ">
    <subfield code="0">0</subfield>
    <subfield code="1">0</subfield>
    <subfield code="2">ddc</subfield>
    <subfield code="4">0</subfield>
    <subfield code="7">0</subfield>
    <subfield code="a">10</subfield>
    <subfield code="b">10</subfield>
    <subfield code="d">2022-12-29</subfield>
    <subfield code="i">HO/IN/140</subfield>
    <subfield code="l">1</subfield>
    <subfield code="p">10-B-20859</subfield>
    <subfield code="r">2025-07-30</subfield>
    <subfield code="s">2025-02-06</subfield>
    <subfield code="w">2022-12-29</subfield>
    <subfield code="y">02</subfield>
  </datafield>
  <datafield tag="952" ind1=" " ind2=" ">
    <subfield code="0">0</subfield>
    <subfield code="1">0</subfield>
    <subfield code="2">ddc</subfield>
    <subfield code="4">0</subfield>
    <subfield code="7">0</subfield>
    <subfield code="a">10</subfield>
    <subfield code="b">10</subfield>
    <subfield code="d">2022-12-29</subfield>
    <subfield code="i">HO/IN/140</subfield>
    <subfield code="l">1</subfield>
    <subfield code="p">10-B-20860</subfield>
    <subfield code="r">2025-04-18</subfield>
    <subfield code="s">2025-02-06</subfield>
    <subfield code="w">2022-12-29</subfield>
    <subfield code="y">02</subfield>
  </datafield>
</record>
